00666nam a2200229Ia 4500001000700000003000500007008004100012010001100053020001800064040000900082082002200091100002500113245004700138260004200185300001100227440002700238500001900265503001800284600003500302650004300337650005600380Z_6409CHAP220113s2013 xx 000 0 und d a169667 a968-5146-01-2 cCHAP a972.081 4 T87 M49 aTurner, John Kenneth aMéxico bárbaro /cJohn Kenneth Turner aMéxico :bEdiciones Leyenda,c2013 a233 p. aColección clásicos aEdición 2013 aej.1: consumo aDíaz, Porfirio, -- 1830-1915 aMéxico xx Condiciones económicas aMéxico xx Política y gobierno xx 1867x1910